Top 15 Minnesota Timberwolves players of all-time - Statistics

General Stats
  • This quiz has been taken 22 times
  • The average score is 8 of 15
Answer Stats
Pos/Placement Answer % Correct
C #4 Karl Anthony-Towns
94%
PF #1 Kevin Garnett
88%
PF #2 Kevin Love
75%
SF #14 Andrew Wiggins
69%
SG #13 Jimmy Butler
69%
PG #10 Sam Cassell
69%
SF #11 Wally Szczerbiak
63%
PG #15 Ricky Rubio
56%
PG #3 Stephon Marbury
44%
PF #6 Al Jefferson
38%
PF #8 Isaiah Rider
38%
C #5 Christian Laettner
31%
PF #7 Tom Gugliotta
31%
PG #9 Pooh Richardson
25%
SF #12 Tony Campbell
13%
No matching quizzes found
Score Distribution
Percent of People with Each Score
Percentile by Number Answered
Your Score History
You have not taken this quiz